La evaluación de valores y actitudes

Tallennettuna:
Bibliografiset tiedot
Päätekijä: Bolívar Botía, Antonio (Tekijä)
Aineistotyyppi: Kirja
Kieli:espanja
Julkaistu: Madrid Grupo Anaya 1995
Sarja:Colección Hacer Reforma
Aiheet:
Tagit: Lisää tagi
Ei tageja, Lisää ensimmäinen tagi!

MARC

LEADER 00000nam a2200000 a 4500
001 UCU5798
003 CL-VaPUC
008 960614e19950000SP |||||||||||||||||spa|d
082 0 4 |a 370.114  |b BOL  |2 21 
100 |a Bolívar Botía, Antonio  |e author  |9 420569 
245 1 3 |a La evaluación de valores y actitudes 
300 |a 216 p 
942 |c BK 
945 |d 19960614 00:00:00  |a rbrito 
260 |a Madrid  |b Grupo Anaya  |c 1995 
650 0 |a Educación moral  |9 308319 
650 0 |a Valores sociales  |9 309627 
650 0 |a Ética  |9 255099 
650 0 |a Comportamiento social  |9 334200 
650 0 |a Bienestar social   |9 255298 
650 0 |a Valores morales   |9 310604 
583 |a last modification  |c 20121001 09:54:40  |k Rodrigo Vera 
490 0 |a Colección Hacer Reforma 
999 |c 248984  |d 248982 
952 |0 0  |1 0  |4 0  |6 370_114000000000000_BOL_1995  |7 0  |8 A  |9 265961  |a BIBEDU  |b BIBEDU  |d 2019-11-19  |i 3206920  |o 370.114 BOL 1995  |p 3206920  |r 2019-11-19  |w 2019-11-19  |y BK  |k EDU 
952 |0 0  |1 0  |4 0  |6 370_114000000000000_BOL_1995  |7 0  |8 A  |9 265962  |a BIBEDU  |b BIBEDU  |d 2019-11-19  |i 3206939  |o 370.114 BOL 1995  |p 3206939  |r 2019-11-19  |w 2019-11-19  |y BK  |k EDU